000 00426nam a22001577a 4500
005 20150415114913.0
008 150415b xxu||||| |||| 00| 0 eng d
040 _cPK-LaUMT
082 _aKHC 306.489
_bZAB-D
100 _aزبیر رانا
245 _aداستان ثقافت
_cزبیررانا
260 _aلاہور
_bمصباح سنز پبلشرز
_c1988
300 _a262 ص
490 _vجلد(اول
942 _cBK
999 _c69904
_d69904